| 000 | 00472nam a2200181Ia 4500 | ||
|---|---|---|---|
| 003 | GCL | ||
| 008 | 140319s9999 xx 000 0 ara d | ||
| 040 |
_aGCL / _cGCL |
||
| 082 | 0 | 4 |
_a920.71 _bك ر |
| 100 | 1 | _aكوهين | |
| 245 | 1 | 0 |
_aرجال عاشوا للعلم / _cكوهين |
| 700 | 1 | _aبرنارد (وآخرون) | |
| 700 | 1 | _aاحمد شكرى سالم | |
| 300 | _a433 | ||
| 490 |
_aالالف كتاب _v0 |
||
| 650 | 0 | 4 | _aالتراجم |
| 942 |
_2ddc _cBK |
||
| 999 |
_c44169 _d44169 |
||